[Event "Duisburg Grossenbaum op"]
[Site "Duisburg"]
[Date "2004.05.30"]
[Round "4"]
[White "Stolzenberg, Peter"]
[Black "Schonebeck, Christian"]
[Result "1/2-1/2"]
[WhiteElo "1485"]
[BlackElo "1732"]
[PlyCount "53"]
[EventDate "2004.05.28"]
[EventType "swiss"]
[EventRounds "7"]
[EventCountry "GER"]
[SourceTitle "EXT 2006"]
[Source "ChessBase"]
[SourceDate "2005.11.24"]
[SourceVersion "1"]
[SourceVersionDate "2005.11.24"]
[SourceQuality "1"]

1. d4 d5 2. Bf4 Bf5 3. Nf3 Nf6 4. e3 e6 5. Bd3 Bxd3 6. Qxd3 c6 7. Nbd2 Bd6 8. Bg5 Nbd7 9. 0-0 h6 10. Bh4 Qc7 11. c4 g5 12. Bg3 Bxg3 13. hxg3 0-0-0 14. b4 Rdg8 15. b5 h5 16. bxc6 bxc6 17. cxd5 exd5 18. Rfb1 Kd8 19. Qf5 h4 20. Ne5 Ke7 21. Ndf3 hxg3 22. fxg3 g4 23. Ng5 Rh5 24. Nxd7 Rhxg5 25. Qxf6+ Kxd7 26. Qxf7+ Kc8 27. Qe6+ 1/2-1/2